エクスポート完了 — 

McGraw-Hill yearbook of science and technology

保存先:
書誌詳細
フォーマット: 図書
言語:Undetermined
出版事項: New York McGraw-Hill 1966
主題:
タグ: タグ追加
タグなし, このレコードへの初めてのタグを付けませんか!
Thư viện lưu trữ: Trung tâm Học liệu Trường Đại học Cần Thơ
LEADER 00418nam a2200157Ia 4500
001 CTU_26524
008 210402s9999 xx 000 0 und d
082 |a 602 
082 |b M113 
245 0 |a McGraw-Hill yearbook of science and technology 
260 |a New York 
260 |b McGraw-Hill 
260 |c 1966 
650 |a technology 
904 |i Minh, 981013 
980 |a Trung tâm Học liệu Trường Đại học Cần Thơ